00310nam a22000977a 4500008004100000082001500041110004400056245005600100260004500156300001100201230619b xxu||||| |||| 00| 0 eng d a261.1bNCC bThe National Christian Council of Kenya aA Christian View of PoliticsbLove, Peace and Unity aNairobi,KenyabUzima Press Limitedc1983 aVI,74p